|
|
|
|
| LEADER |
00000nnm a2200000 i 4500 |
| 001 |
dolg17191 |
| 005 |
20180925163752.0 |
| 008 |
180517suuuu hu o 000 hun d |
| 040 |
|
|
|a BGE Dolgozattár Repozitórium
|b hun
|
| 041 |
|
|
|a hu
|
| 100 |
1 |
|
|a Horváth Csaba
|
| 245 |
1 |
0 |
|a Alternatív városnéző séták Magyarországon
|c Horváth Csaba
|h [elektronikus dokumentum]
|
| 246 |
1 |
1 |
|a Alternatív városnéző séták Magyarországon
|
| 516 |
|
|
|a Project_work
|
| 695 |
|
|
|a Alternatív városnézés
|
| 695 |
|
|
|a tematikus városnézés
|
| 700 |
1 |
|
|a Schultz Éva
|e ths
|
| 856 |
4 |
0 |
|u http://dolgozattar.uni-bge.hu/17191/1/Horv%C3%A1th%20Csaba%20projektmunka.pdf
|z Dokumentum-elérés
|